| 000 | 00812naa a2200229 a 4500 | ||
|---|---|---|---|
| 001 | 47007 | ||
| 003 | BD-RjUL | ||
| 005 | 20211209054238.0 | ||
| 008 | 160806s1964 pk ar f0 a0eng | ||
| 035 | _a(BD-RjUL)47126 | ||
| 040 |
_aDLC _beng _cMnMULS _dNIC _dDLC _dOCoLC _dNNC-L _dMiU-L _dOCoLC _dBD-RjUL |
||
| 041 | _aeng | ||
| 082 |
_223 _a340.095491 _bPAC 1964 |
||
| 110 | 1 |
_aPakistan. _bMinistry of Law and Parliamentary Affairs (Law Division) _9182674 |
|
| 245 | 1 | 2 |
_aA collection of the central acts and ordinances for the year 1962 / _cPakistan. Ministry of Law and Parliamentary Affairs (Law Division). |
| 260 |
_aKarachi : _bGovt. of Pakistan Press _c1964 |
||
| 300 |
_aVarious p. ; _c25 cm. |
||
| 650 | 0 |
_aLaw _zPakistan. _9143170 _vCollections |
|
| 942 |
_2ddc _cBK |
||
| 999 |
_c47007 _d47007 |
||